000
00293nam a2200121Ia 4500
005
20251222144912.0
008
251222s9999||||xx |||||||||||||| ||spa||
020
_a
9972-618-75-7
082
_a
370.85/V57
245
0
_a
Una Mirada a la Educación en el Perú:
264
_b
Tarea
942
_c
LIB
999
_c
22370
_d
22370